000 00812cam a2200277 4500
001 ABS61614
008 000000n1999 000 0 eng u
035 _a(Sirsi) u102968
100 _aNation, R.L.
245 4 _aThe valuation of billboard structures
260 _c1999
490 _aAppraisal Journal
_v67(4) October 1999, 412-421(10)
520 _aA US-based look at the problems associated with valuing advertising hoardings, and the appraisal methods which can be used.
590 _aABS
650 _aADVERTISING HOARDINGS
650 _aBILLBOARDS
650 _aUNITED STATES
650 _aVALUATION METHODS
650 _aEASEMENTS
650 _aLEASES
650 _aREAL ESTATE
650 _aREGULATIONS
690 _aRATING AND VALUATION
700 _aOehlrich, D.P.
942 _n0
999 _c61867
_d61867